Essentials of management (Record no. 548399)
[ view plain ]
| 000 -LEADER | |
|---|---|
| fixed length control field | 00430nam a22001577a 4500 |
| 020 ## - INTERNATIONAL STANDARD BOOK NUMBER | |
| International Standard Book Number | 0876920873 |
| 082 ## - DEWEY DECIMAL CLASSIFICATION NUMBER | |
| Classification number | 658 |
| Author Mark | MAS |
| -- | D |
| 100 ## - MAIN ENTRY--PERSONAL NAME | |
| Personal name | Massie, joseph l. |
| 9 (RLIN) | 44682 |
| 245 ## - TITLE STATEMENT | |
| Title | Essentials of management |
| Statement of responsibility, etc. | Joseph l. massie |
| 250 ## - EDITION STATEMENT | |
| Edition statement | 3rd ed. |
| 260 ## - PUBLICATION, DISTRIBUTION, ETC. | |
| Place of publication, distribution, etc. | new delhi : |
| Name of publisher, distributor, etc. | prentice hall of india |
| Date of publication, distribution, etc. | 1979 |
| 300 ## - PHYSICAL DESCRIPTION | |
| Extent | x, 262 p, |
| Other physical details | ill, : |
| Dimensions | 18 |
| 526 ## - STUDY PROGRAM INFORMATION NOTE | |
| Program name | 0 |
| Interest level | 0 |
| Reading level | 0 |
| Title point value | 658_000000000000000_MAS |
| 650 ## - SUBJECT ADDED ENTRY--TOPICAL TERM | |
| Topical term or geographic name entry element | MCE |
| 9 (RLIN) | 379 |
| 942 ## - ADDED ENTRY ELEMENTS (KOHA) | |
| Source of classification or shelving scheme | |
| Koha item type | Book |
| Withdrawn status | Lost status | Source of classification or shelving scheme | Damaged status | Not for loan | Permanent Location | Current Location | Date acquired | Total Checkouts | Full call number | Barcode | Date last seen | Price effective from | Koha item type |
|---|---|---|---|---|---|---|---|---|---|---|---|---|---|
| Military College of Engineering (MCE) | Military College of Engineering (MCE) | 08/27/2014 | 658 MAS | MCE-8695/A | 08/27/2014 | 08/27/2014 | Book |
